000 01131nam a2200289Ia 4500
003 OSt
005 20221005110624.0
006 a|||||r|||| 00| 0
007 ta
008 221004b |||||||| |||| 00| 0 hin d
020 _a97893=26351935 (hbk)
_cINR 140.00
024 _a37054
037 _bBW/1697, 15/03/2018, Bookwell
_cTextual
040 _aCRL
_cCRL
_bhin
041 _2hin
_ahin
082 _aU8.44Q7, 152Q3
100 _aसिंह, शिवेन्द्र कुमार, ले.
245 0 _aयह जो है पाकिस्तान
246 _aYah jo hai pākistāna
250 _aसंस्करण 2
260 _aनई दिल्ली
_bभारतीय ज्ञानपीठ भारत
_c2013
300 _a133पृ0
_ccm.
490 _aलोकोदय ग्रन्थमाला; ग्रन्थांक 1148
650 _aयात्रा वृतान्त
942 _hU8.44Q7, 152Q3
_cTEXL
_2cc
999 _c1019369
_d1019369